00607cam a22002057a 4500003000500000005001700005008004100022010000900063011000900072035000900081040000900090100002600099245004400125260005800169300001800227490002900245500006700274650003100341830002900372CHAP20220329133127.0971013s1990 co a r 00010 esp d a2464 a3436 a2636 cCHAP00aCardona C., Héctor.10aAprenda a criar cerdos en 100 lecciones aAntioquia :bInstituto Colombiano Agropecuario,c1990 a32 p.b: ilus 0aCartilla ilustradav; 20 aLa reimpresión de 1995 aparece como : Cartilla campesina ; 614aGanado porcinoxCría de.0 aCartilla ilustradav; 20